<?xml version="1.0" encoding="UTF-8"?>
<record
    xmlns:xsi="http://www.w3.org/2001/XMLSchema-instance"
    xsi:schemaLocation="http://www.loc.gov/MARC21/slim http://www.loc.gov/standards/marcxml/schema/MARC21slim.xsd"
    xmlns="http://www.loc.gov/MARC21/slim">

  <leader>01172njm a22002777a 4500</leader>
  <controlfield tag="005">20100909150844.0</controlfield>
  <controlfield tag="006">a|||||r|||||00| 0 </controlfield>
  <controlfield tag="007">sd ammalaaahaa</controlfield>
  <controlfield tag="008">100909t        xxu||||| |||| 00| 0 eng d</controlfield>
  <datafield tag="028" ind1=" " ind2=" ">
    <subfield code="a">N.54883</subfield>
    <subfield code="b">His Master's Voice</subfield>
  </datafield>
  <datafield tag="035" ind1=" " ind2=" ">
    <subfield code="a">GR-01649</subfield>
  </datafield>
  <datafield tag="040" ind1=" " ind2=" ">
    <subfield code="a">SED</subfield>
    <subfield code="c">SED</subfield>
  </datafield>
  <datafield tag="100" ind1=" " ind2=" ">
    <subfield code="9">17690</subfield>
    <subfield code="a">J.B.</subfield>
  </datafield>
  <datafield tag="245" ind1=" " ind2=" ">
    <subfield code="a">Do-Badan /</subfield>
    <subfield code="c">by J.B.Productions;sung by Mohd.Rafi; music by Ravi; lyric by Shakeel Badayuni</subfield>
    <subfield code="h">[Sound Recording] :</subfield>
  </datafield>
  <datafield tag="246" ind1=" " ind2=" ">
    <subfield code="a">&#x926;&#x94B; - &#x92C;&#x926;&#x928; /</subfield>
  </datafield>
  <datafield tag="260" ind1=" " ind2=" ">
    <subfield code="a">Dum Dum India</subfield>
    <subfield code="b">His Master' Voice</subfield>
    <subfield code="c">1965</subfield>
  </datafield>
  <datafield tag="300" ind1=" " ind2=" ">
    <subfield code="a">1 sound disc (Gramophone Recording)</subfield>
    <subfield code="b">analog, 33 1/3 rpm</subfield>
    <subfield code="c">9.5 in. (MP)</subfield>
    <subfield code="f">Gramophone Record</subfield>
  </datafield>
  <datafield tag="500" ind1=" " ind2=" ">
    <subfield code="a">Brief Record</subfield>
  </datafield>
  <datafield tag="505" ind1=" " ind2=" ">
    <subfield code="a">Side-1 &#x92D;&#x930;&#x940;  &#x926;&#x941;&#x928;&#x93F;&#x92F;&#x93E;&#x92E;&#x947;&#x902;  &#x906;&#x916;&#x93F;&#x930;  (Bhari Duniyamein Aakhir) (Mohd.Rafi) -- Side-2 &#x930;&#x939;&#x93E;  &#x917;&#x930;&#x94D;&#x926;&#x93F;&#x936;&#x94B;&#x902;  &#x92E;&#x947;&#x902;  &#x939;&#x930;&#x926;&#x92E;  (Raha Gardishon Mein Hardam) (Mohd.Rafi).</subfield>
  </datafield>
  <datafield tag="650" ind1=" " ind2=" ">
    <subfield code="a">Classical Music</subfield>
    <subfield code="x">Excerpts</subfield>
    <subfield code="z">India</subfield>
    <subfield code="9">17691</subfield>
  </datafield>
  <datafield tag="700" ind1=" " ind2=" ">
    <subfield code="a">Mohd.Rafi</subfield>
    <subfield code="9">19211</subfield>
  </datafield>
  <datafield tag="700" ind1=" " ind2=" ">
    <subfield code="a">Ravi</subfield>
    <subfield code="9">19212</subfield>
  </datafield>
  <datafield tag="700" ind1=" " ind2=" ">
    <subfield code="a">Badayuni, Shakeel</subfield>
    <subfield code="9">19213</subfield>
  </datafield>
  <datafield tag="942" ind1=" " ind2=" ">
    <subfield code="2">ddc</subfield>
    <subfield code="c">GR</subfield>
  </datafield>
  <datafield tag="999" ind1=" " ind2=" ">
    <subfield code="c">44865</subfield>
    <subfield code="d">44865</subfield>
  </datafield>
  <datafield tag="952" ind1=" " ind2=" ">
    <subfield code="0">0</subfield>
    <subfield code="1">0</subfield>
    <subfield code="2">ddc</subfield>
    <subfield code="4">0</subfield>
    <subfield code="7">1</subfield>
    <subfield code="8">NFIC</subfield>
    <subfield code="a">L</subfield>
    <subfield code="b">L</subfield>
    <subfield code="d">2010-09-09</subfield>
    <subfield code="e">SED/VEN</subfield>
    <subfield code="l">0</subfield>
    <subfield code="p">GR-01649</subfield>
    <subfield code="r">2010-09-09 00:00:00</subfield>
    <subfield code="t">1</subfield>
    <subfield code="w">2010-09-09</subfield>
    <subfield code="y">GR</subfield>
  </datafield>
</record>
